Management del tercer milenio (Registro nro. 31418)

Detalles MARC
000 -LEADER
fixed length control field 00320 a2200109 4500
001 - CONTROL NUMBER
control field ART_30614
005 - DATE AND TIME OF LATEST TRANSACTION
control field 20260410162002.0
008 - FIXED-LENGTH DATA ELEMENTS--GENERAL INFORMATION
fixed length control field 260409a
100 1# - MAIN ENTRY--PERSONAL NAME
Personal name Vinitzky, Guillermo Mario
245 10 - TITLE STATEMENT
Title Management del tercer milenio
773 0# - HOST ITEM ENTRY
Title Foro económico
Related parts - Año III, Nº 4 (mayo 1997)
Record control number REV30369

No hay ítems disponibles.